AN INTRODUCTION TO ELECTRICAL INSTRUMENTATION AND MEASUREMENT SYSTEMS (Record no. 581005)

000 -LEADER
fixed length control field 00426nam a22001457a 4500
020 ## - INTERNATIONAL STANDARD BOOK NUMBER
International Standard Book Number 0-333-32836-1
082 ## - DEWEY DECIMAL CLASSIFICATION NUMBER
Classification number 621.3745 GRE'I
100 ## - MAIN ENTRY--PERSONAL NAME
Personal name GREOGORY, B. A
9 (RLIN) 75610
245 ## - TITLE STATEMENT
Title AN INTRODUCTION TO ELECTRICAL INSTRUMENTATION AND MEASUREMENT SYSTEMS
250 ## - EDITION STATEMENT
Edition statement 2ND
260 ## - PUBLICATION, DISTRIBUTION, ETC.
Place of publication, distribution, etc. LONDON
Name of publisher, distributor, etc. ELBS
Date of publication, distribution, etc. 1981
300 ## - PHYSICAL DESCRIPTION
Extent 446P
650 ## - SUBJECT ADDED ENTRY--TOPICAL TERM
Topical term or geographic name entry element ELECTRICAL INSTRUMENTATION-MEASUREMENT SYSTEM MEASUREMENT SYSTEMS
9 (RLIN) 75611
942 ## - ADDED ENTRY ELEMENTS (KOHA)
Koha item type Book
Holdings
Withdrawn status Lost status Damaged status Not for loan Permanent Location Current Location Shelving location Date acquired Total Checkouts Full call number Barcode Date last seen Price effective from Koha item type
        College of Electrical & Mechanical Engineering (CEME) College of Electrical & Mechanical Engineering (CEME) General Stacks 05/22/2017   621.3745 GRE'I CEME-21608 06/28/2021 06/28/2021 Book
© 2023 Central Library, National University of Sciences and Technology. All Rights Reserved.